000 00640nam a22002417a 4500
003 UA-OsUOA
001 40288
007 ta
008 20060724b un ||||| |||| 00| 0 ukr d
100 _aСаратков С.В.
090 _a821.161.1
_bС20
942 _cBK
040 _aUA-OsUOA
_brus
_cUA-OsUOA
_dUA-OsUOA
245 _aФилософский камень
_bРоман
300 _a336 с.
955 _a3
041 _arus
080 _a821.161.1
260 _aМ.
_bМолодая гвардия
_c1971
246 3 1 _a2
_n
650 7 _a82 Література. Літературознавство
_2UDC
999 _c326427
_d326427